Länder, die Aserbaidschan am meisten besuchen - Statistiken

Allgemein
  • Dieses Quiz wurde 28 mal gespielt
  • Das Durchschnittsergebnis liegt bei 16 aus 20
Antwortstatistiken
Platz Touristenankünfte Land % Korrekt
🥇 ~850.000 Russland
100%
4. ~300.000 Türkei
100%
12. ~13.000 Deutschland
96%
🥈 ~540.000 Georgien
96%
18. ~7.000 China
92%
🥉 ~360.000 Iran
88%
6. ~60.000 Irak
84%
7. ~58.000 Ukraine
84%
19. ~6.000 Indien
80%
15. ~11.000 Israel
80%
8. ~33.000 Saudi-Arabien
80%
11. ~16.000 Usbekistan
80%
14. ~12.000 Vereinigte Staaten
80%
17. ~8.000 Turkmenistan
76%
20. ~6.000 Frankreich
72%
9. ~32.000 Kasachstan
72%
10. ~30.000 Vereinigtes Königreich
72%
16. ~9.000 Italien
64%
5. ~100.000 Vereinigte Arabische Emirate
64%
13. ~12.000 Belarus
56%
Keine übereinstimmenden Quizze gefunden
Verteilung der Resultate
Anzahl Personen mit jedem Resultat
Perzentil nach korrekt beantworteten Fragen
Ihre Resultats-Entwicklung
Sie haben dieses Quiz noch nicht gespielt